Villanos del cine de terror - Estadísticas

Estadísticas generales
  • Esta prueba ha sido intentada 239 veces
  • La puntuación promedio es 7 de 16
Estadísticas de respuestas
Imagen Respuesta % Correcto
Annabelle
92%
Chucky
90%
Freddy Krueger
76%
Pennywise
75%
Predator
57%
Michael Myers
53%
Ghostface
47%
Art
40%
Candyman
36%
Pinhead
32%
Leatherface
31%
Jason Voorhees
27%
Xenomorfo
27%
Valak
26%
Jack Torrance
25%
Annie Wilkes
7%
No se encontraron pruebas coincidentes
Distribución de puntuación
Porcentaje de gente con cada puntuación
Porcentaje por número respondido
Historial de tus puntuaciones
No has intentado esta prueba.